Clubes Campeões de Portugal - Statistics

Estatísticas Gerais
  • Esse quiz foi jogado 926 vezes
  • A pontuação média é 4 de 5
Estatísticas das Respostas
Títulos Clube % Correto
27 FC Porto
100%
36 SL Benfica
99%
18 Sporting CP
99%
1 Boavista FC
72%
1 CF Os Belenenses
61%
Nenhum quiz correspondente encontrado
Distribuição das Pontuações
Porcentagem de Pessoas com Cada Pontuação
Percentil de Números Respondidos
Sua Pontuação Histórica
Você não jogou esse quiz